000 00684nam a2200229Ia 4500
003 OSt
005 20220925213935.0
006 a|||||r|||| 00| 0
007 ta
008 220923b |||||||| |||| 00| 0 eng d
037 _cGeneral Book
040 _aRTL
_cRTL
_beng
041 _2eng
_aeng
082 _aX:89K33.7312.N7, L5
100 _aRondinelli Dennis A
_9279217
245 0 _aUrban and regional development planning
_b policy a
260 _aLondon
_bCornell University Press UK
_c1975
300 _a272p.
_ccm.
650 _aRegional Economics
942 _hX:89K33.7312.N7, L5
_cGB
_2CC
999 _c564062
_d564062